Characterization of antinociceptive potency of endomorphin-2 derivatives with unnatural amino acids in rats

Elmentve itt :
Bibliográfiai részletek
Szerzők: Kovács Gyula István
Petrovszki Zita
Mallareddy Jayapelreddy
Tóth Géza
Benedek György
Horváth Gyöngyi
Dokumentumtípus: Cikk
Megjelent: Akadémiai Kiadó 2012
Sorozat:ACTA PHYSIOLOGICA HUNGARICA 99 No. 3
doi:10.1556/APhysiol.99.2012.2.4

mtmt:2057815
Online Access:http://publicatio.bibl.u-szeged.hu/11398
LEADER 00938nab a2200253 i 4500
001 publ11398
005 20200224122436.0
008 170517s2012 hu o 0|| zxx d
022 |a 0231-424X 
024 7 |a 10.1556/APhysiol.99.2012.2.4  |2 doi 
024 7 |a 2057815  |2 mtmt 
040 |a SZTE Publicatio Repozitórium  |b hun 
041 |a zxx 
100 1 |a Kovács Gyula István 
245 1 0 |a Characterization of antinociceptive potency of endomorphin-2 derivatives with unnatural amino acids in rats  |h [elektronikus dokumentum] /  |c  Kovács Gyula István 
260 |a Akadémiai Kiadó  |c 2012 
300 |a 353-363 
490 0 |a ACTA PHYSIOLOGICA HUNGARICA  |v 99 No. 3 
700 0 1 |a Petrovszki Zita  |e aut 
700 0 1 |a Mallareddy Jayapelreddy  |e aut 
700 0 1 |a Tóth Géza  |e aut 
700 0 1 |a Benedek György  |e aut 
700 0 1 |a Horváth Gyöngyi  |e aut 
856 4 0 |u http://publicatio.bibl.u-szeged.hu/11398/7/aphysiol.99.2012.3.12.pdf  |z Dokumentum-elérés